000
00303nam a22001337a 4500
008
190304b xxu||||| |||| 00| 0 eng d
020
_a
081413004953
041
_a
eng
080
_a
038
100
_a
23
101
_a
FJA
245
_a
The New Merriam-Webster Dictionary
_c
Webster,M
942
_2
udc
_c
BK
999
_c
54430
_d
54430